• 首页
  • 本馆介绍
  • 公告通知
  • 最新文献
  • 馆藏检索
  • 电子资源
  • 读者导购
  • 参考咨询
  • 我的图书馆
  • 登录
  • 详细信息显示
  • 放入我的书架
  • 预约/预借图书
  • 作者相关作品
  • 分类相关作品
  • 丛书相关作品
  • 出版社相关作品

书目信息

  • 表格格式
  • 工作单格式
  • 卡片格式
题名:
经典粤菜
    
 
作者: 张鹏 主编
分册:  
出版信息: 北京   北京联合出版公司  2014
页数: 229页
开本: 26cm
丛书名:
单 册:
中图分类: TS972.182.65 , TS972.18
科图分类:
主题词: 粤菜--菜谱 , 菜谱 , 粤菜
电子资源:
ISBN: 978-7-5502-2966-2
000 00830nam0 2200265 450
001 2368486942
005 20231110101138.76
010    @a978-7-5502-2966-2@dCNY68.00
100    @a20140815d2022 em y0chiy50 ea
101 0  @achi
102    @aCN@b110000
105    @aa z 000yy
200 1  @a经典粤菜@9jing dian yue cai@f张鹏主编
210    @a北京@c北京联合出版公司@d2014
215    @a229页@c彩照@d26cm
300    @a舌尖上的生活家常美食
330    @a本书精选300多道经典粤菜,分为素菜类70多道、畜肉类菜60多道、禽蛋类70多道、水产海鲜类100多道。部分菜品介绍了材料准备、调料准备、做法演示、营养分析等项目。
606 0  @a粤菜@x菜谱
606 0  @a菜谱
606 0  @a粤菜
690    @aTS972.182.65@v5
690    @aTS972.18@v4
701  0 @a张鹏@9zhang peng@4主编
801  0 @aCN@b91MARC@c20150426
905    @aBZT@dTS972.18@e8
    
    经典粤菜/张鹏主编.-北京:北京联合出版公司,2014
    229页:彩照;26cm
    舌尖上的生活家常美食
    
    ISBN 978-7-5502-2966-2:CNY68.00
    本书精选300多道经典粤菜,分为素菜类70多道、畜肉类菜60多道、禽蛋类70多道、水产海鲜类100多道。部分菜品介绍了材料准备、调料准备、做法演示、营养分析等项目。
●
相关链接 在五车中查询图书 在当当中查询图书 在豆瓣中查询图书


正题名:经典粤菜     索取号:TS972.18/8         预约/预借

序号 登录号 条形码 馆藏地/架位号 状态 备注
1 2000939647   2000939647   安徽时代转三新/湖北三新(第三批)/121/ [索取号:TS972.18/8] 在馆    
2 2000939648   2000939648   安徽时代转三新/湖北三新(第三批)/121/ [索取号:TS972.18/8] 在馆    
3 2000939649   2000939649   安徽时代转三新/湖北三新(第三批)/121/ [索取号:TS972.18/8] 在馆    
4 2000939650   2000939650   安徽时代转三新/湖北三新(第三批)/121/ [索取号:TS972.18/8] 在馆    
5 2000939651   2000939651   安徽时代转三新/湖北三新(第三批)/121/ [索取号:TS972.18/8] 在馆    
6 2000939652   2000939652   安徽时代转三新/湖北三新(第三批)/121/ [索取号:TS972.18/8] 在馆    
山东省滨州职业学院图书馆 欢迎您!
大连网信软件有限公司© 版权所有